[Event "Misiones op"]
[Site "Misiones"]
[Date "2022.07.09"]
[Round "1"]
[White "Kisiel, Hernan"]
[Black "Ferreyra, Martin Jesus"]
[Result "0-1"]
[WhiteElo "1613"]
[BlackElo "1126"]
[PlyCount "36"]
[EventDate "2022.07.09"]
[EventType "swiss"]
[EventRounds "6"]
[EventCountry "ARG"]
[SourceTitle "CBM 209 Extra"]
[Source "ChessBase"]
[SourceDate "2022.09.30"]
[SourceVersion "1"]
[SourceVersionDate "2022.09.30"]
[SourceQuality "1"]

1. d4 d5 2. c4 e6 3. Nc3 h6 4. Bf4 Nf6 5. e3 Bd6 6. Bxd6 Qxd6 7. cxd5 exd5 8. Bd3 0-0 9. Nge2 Be6 10. 0-0 Bg4 11. f3 Bh5 12. Qc2 Nbd7 13. Nb5 Qe7 14. Qxc7 Qxe3+ 15. Kh1 Qxd3 16. Nbc3 Rfe8 17. Nf4 Qc4 18. Qxb7 Rab8 0-1

[Event "Obera op"]
[Site "Obera"]
[Date "2022.02.27"]
[Round "3"]
[White "Kisiel, Hernan"]
[Black "Dutra, Omar Horacio"]
[Result "1-0"]
[WhiteElo "1632"]
[BlackElo "1082"]
[PlyCount "59"]
[EventDate "2022.02.26"]
[EventType "swiss"]
[EventRounds "6"]
[EventCountry "ARG"]
[SourceTitle "EXT 2023"]
[Source "ChessBase"]
[SourceDate "2022.10.05"]
[SourceVersion "1"]
[SourceVersionDate "2022.10.05"]
[SourceQuality "1"]

1. d4 d5 2. c4 e6 3. Nc3 Nf6 4. cxd5 exd5 5. Bg5 Nbd7 6. e3 Bb4 7. Bd3 0-0 8. Nge2 h6 9. Bh4 c6 10. 0-0 Qc7 11. Bg3 Qd8 12. Qc2 Re8 13. a3 Ba5 14. b4 Bb6 15. Rfe1 Bc7 16. Rad1 Nb6 17. Bxc7 Qxc7 18. Ng3 Nc4 19. Bxc4 dxc4 20. Nce4 b5 21. Nxf6+ gxf6 22. e4 Bg4 23. f3 Bd7 24. Qd2 Kg7 25. Nh5+ Kg6 26. Qf4 Qxf4 27. Nxf4+ Kg5 28. g3 f5 29. e5 Be6 30. h4# 1-0